000 00405nam a2200145Ia 4500
008 230917s9999||||xx |||||||||||||| ||und||
040 _e207655
_aMAIN
041 _aEnglish
082 _a572.8645 D44G
100 _aDePamphilis, Melvin L
245 0 _aGenome duplication: Concepts, mechanisms, evolution and disease
260 _aLondon
_bGarland Science
_c2011
300 _axiii, 449 p.
942 _cBK
999 _c174428
_d174428